Vplyv životného cyklu na kooperatívny manažment a marketing v cieľových miestach cestovného ruchu
Životný cyklus a vzťahy zainteresovaných subjektov v cieľovom mieste. Kritériá zhlukovania a ich charakteristické znaky pre fázy životného cyklu cieľového miesta. Vybrané kvantitatívne charakteristiky sieťovej analýzy. Životný cyklus cieľových miest na Slovensku. Intenzita kooperácie zainteresovanýc...
Saved in:
| Main Author: | |
|---|---|
| Format: | Book Chapter |
| Language: | Slovak |
| Subjects: | |
| Tags: |
No Tags, Be the first to tag this record!
|
MARC
| LEADER | 00000naa a2200000 4500 | ||
|---|---|---|---|
| 001 | 0200351 | ||
| 005 | 20231016074951.7 | ||
| 041 | 0 | |a slo | |
| 044 | |a SK | ||
| 245 | 1 | 0 | |a Vplyv životného cyklu na kooperatívny manažment a marketing v cieľových miestach cestovného ruchu |c Tomáš Gajdošík |
| 520 | |a Životný cyklus a vzťahy zainteresovaných subjektov v cieľovom mieste. Kritériá zhlukovania a ich charakteristické znaky pre fázy životného cyklu cieľového miesta. Vybrané kvantitatívne charakteristiky sieťovej analýzy. Životný cyklus cieľových miest na Slovensku. Intenzita kooperácie zainteresovaných subjektov v cieľových miestach. Kvantitatívne charakteristiky kooperácie v cieľových miestach v SR. | ||
| 610 | 2 | 0 | |a ruch cestovný |
| 610 | 2 | 0 | |a manažment |
| 610 | 2 | 0 | |a marketing |
| 610 | 2 | 0 | |a kooperácia |
| 610 | 2 | 0 | |a organizácie |
| 610 | 2 | 0 | |a zariadenia ubytovacie |
| 610 | 2 | 0 | |a kancelárie cestovné |
| 610 | 2 | 0 | |a podnik dopravný |
| 610 | 2 | 0 | |a samospráva miestna |
| 610 | 2 | 0 | |a financovanie |
| 610 | 2 | 0 | |a analýza sieťová |
| 100 | 1 | |a Gajdošík, Tomáš | |